[Event "BUL-chT rapid 70th"]
[Site "Primorsko"]
[Date "2020.09.08"]
[Round "5.1"]
[White "Dimitrov, Radoslav"]
[Black "Vutov, M Mario"]
[Result "1/2-1/2"]
[WhiteElo "2505"]
[BlackElo "2269"]
[PlyCount "75"]
[EventDate "2020.09.08"]
[EventType "team-tourn (rapid)"]
[EventRounds "7"]
[EventCountry "BUL"]
[SourceTitle "CBM 198 Extra"]
[Source "ChessBase"]
[SourceDate "2020.11.30"]
[SourceVersion "1"]
[SourceVersionDate "2020.11.30"]
[SourceQuality "1"]
[WhiteTeam "Razgrad Abritus"]
[BlackTeam "Blagoevgrad Victory"]
[WhiteTeamCountry "BUL"]
[BlackTeamCountry "BUL"]

1. b3 c5 2. Nf3 Nc6 3. e3 a6 4. c4 Nf6 5. Bb2 g6 6. Bxf6 exf6 7. Nc3 f5 8. g3 Bg7 9. Bg2 0-0 10. Rc1 Rb8 11. 0-0 b5 12. cxb5 axb5 13. a4 bxa4 14. Nxa4 Ba6 15. Re1 d6 16. d4 Nb4 17. Bf1 Bxf1 18. Rxf1 cxd4 19. Nxd4 Qa5 20. Ne2 Rfd8 21. Qd2 Qd5 22. Rfd1 Qxb3 23. Nac3 Rbc8 24. Nb5 Rxc1 25. Rxc1 Nd3 26. Nbd4 Qa3 27. Nb5 Qb3 28. Ned4 Bxd4 29. Nxd4 Nxc1 30. Nxb3 Nxb3 31. Qd5 Nc5 32. Qc6 Ne6 33. Qd5 Nc7 34. Qa5 Ne6 35. Qd5 Nc7 36. Qa5 Ne6 37. Qd5 Nc7 38. Qa5 1/2-1/2

[Event "BUL-ch 80th"]
[Site "Pleven"]
[Date "2016.04.24"]
[Round "7"]
[White "Spasov, Vasil"]
[Black "Vutov, M Mario"]
[Result "1-0"]
[WhiteElo "2538"]
[BlackElo "2361"]
[PlyCount "81"]
[EventDate "2016.04.18"]
[EventType "tourn"]
[EventRounds "9"]
[EventCountry "BUL"]
[EventCategory "9"]
[SourceTitle "CBM 172 Extra"]
[Source "ChessBase"]
[SourceDate "2016.06.21"]
[SourceVersion "1"]
[SourceVersionDate "2016.06.21"]
[SourceQuality "1"]

1. e4 d6 2. d4 Nf6 3. Nc3 e5 4. Nf3 Nbd7 5. Bc4 Be7 6. 0-0 0-0 7. Re1 c6 8. a4 a5 9. h3 h6 10. b3 Re8 11. Bb2 Qc7 12. Bf1 Nf8 13. Qd2 N6h7 14. d5 Ng5 15. Nxg5 Bxg5 16. Qd3 Nd7 17. Ba3 Nc5 18. Bxc5 dxc5 19. Rad1 Rd8 20. Qf3 Bd7 21. Bc4 Be8 22. g3 Be7 23. h4 Rd6 24. dxc6 bxc6 25. Rxd6 Qxd6 26. Nd1 Rd8 27. Ne3 Bf8 28. Rd1 Qc7 29. Rxd8 Qxd8 30. Kg2 Qf6 31. Qxf6 gxf6 32. Ba6 Bd6 33. Nc4 Bc7 34. Bc8 Kg7 35. Bf5 h5 36. Kf3 Kh6 37. g4 hxg4+ 38. Kxg4 Kg7 39. h5 Kh6 40. Bc8 Kg7 41. Kf5 1-0

[Event "BUL-ch 80th"]
[Site "Pleven"]
[Date "2016.04.21"]
[Round "4"]
[White "Vutov, M Mario"]
[Black "Petkov, Vladimir"]
[Result "0-1"]
[WhiteElo "2361"]
[BlackElo "2474"]
[PlyCount "64"]
[EventDate "2016.04.18"]
[EventType "tourn"]
[EventRounds "9"]
[EventCountry "BUL"]
[EventCategory "9"]
[SourceTitle "CBM 172 Extra"]
[Source "ChessBase"]
[SourceDate "2016.06.21"]
[SourceVersion "1"]
[SourceVersionDate "2016.06.21"]
[SourceQuality "1"]

1. e4 e5 2. Nf3 Nc6 3. Bb5 a6 4. Ba4 Nf6 5. 0-0 Be7 6. Re1 b5 7. Bb3 d6 8. c3 0-0 9. h3 Re8 10. Ng5 Rf8 11. Nf3 Qd7 12. d4 Re8 13. a4 Bb7 14. axb5 axb5 15. Rxa8 Bxa8 16. Ng5 Nd8 17. Nd2 c5 18. Ngf3 exd4 19. cxd4 c4 20. Bc2 Ne6 21. d5 Nc5 22. b4 Na6 23. Ba3 Qa7 24. Qa1 Bd8 25. Nd4 Bb6 26. N2f3 Bxd5 27. exd5 Rxe1+ 28. Qxe1 Bxd4 29. Bc1 Nc7 30. Bf4 Ncxd5 31. Nxd4 Nxf4 32. Nxb5 Qb7 0-1

[Event "BUL-chT2 64th"]
[Site "Sunny Beach"]
[Date "2015.06.05"]
[Round "6.1"]
[White "Delchev, Petar"]
[Black "Vutov, M Mario"]
[Result "1/2-1/2"]
[WhiteElo "2251"]
[BlackElo "2349"]
[PlyCount "60"]
[EventDate "2015.05.31"]
[EventType "team-swiss"]
[EventRounds "7"]
[EventCountry "BUL"]
[SourceTitle "CBM 166 Extra"]
[Source "ChessBase"]
[SourceDate "2015.06.18"]
[SourceVersion "1"]
[SourceVersionDate "2015.06.18"]
[SourceQuality "1"]
[WhiteTeam "Silistra"]
[BlackTeam "Blagoevgrad Victory"]
[WhiteTeamCountry "BUL"]
[BlackTeamCountry "BUL"]

1. d4 Nf6 2. Nf3 g6 3. Bg5 Bg7 4. Nbd2 c5 5. c3 cxd4 6. cxd4 d5 7. e3 Nc6 8. Bd3 0-0 9. 0-0 Qb6 10. Qb3 Qxb3 11. Nxb3 b6 12. Rac1 Bb7 13. Ne5 Rfc8 14. Nxc6 Rxc6 15. Rxc6 Bxc6 16. Rc1 Ba4 17. Nd2 e6 18. Bxf6 Bxf6 19. Nb1 Bd8 20. Kf1 Kf8 21. Ke2 Ke7 22. Kd2 Bd7 23. Nc3 Rc8 24. Ba6 Rc7 25. Bd3 Rc8 26. Ba6 Rc7 27. Bd3 Rc8 28. Ba6 Rc7 29. Bd3 Rc8 30. Ba6 Rc7 1/2-1/2

[Event "BUL-chT2 64th"]
[Site "Sunny Beach"]
[Date "2015.06.04"]
[Round "5.1"]
[White "Vutov, M Mario"]
[Black "Stavrev, Valeri"]
[Result "1-0"]
[WhiteElo "2349"]
[BlackElo "1971"]
[PlyCount "53"]
[EventDate "2015.05.31"]
[EventType "team-swiss"]
[EventRounds "7"]
[EventCountry "BUL"]
[SourceTitle "CBM 166 Extra"]
[Source "ChessBase"]
[SourceDate "2015.06.18"]
[SourceVersion "1"]
[SourceVersionDate "2015.06.18"]
[SourceQuality "1"]
[WhiteTeam "Blagoevgrad Victory"]
[BlackTeam "Slivnitsa Geroy"]
[WhiteTeamCountry "BUL"]
[BlackTeamCountry "BUL"]

1. e4 c5 2. Nf3 e6 3. d4 cxd4 4. Nxd4 d6 5. Nc3 Nc6 6. Be3 a6 7. Qd2 Be7 8. f3 Nf6 9. 0-0-0 Nxd4 10. Bxd4 Bd7 11. Kb1 Qc7 12. g4 0-0-0 13. g5 Ne8 14. Rg1 Kb8 15. f4 Rc8 16. Qf2 Bd8 17. h4 Qa5 18. Rg3 Rc6 19. Ne2 Qc7 20. Ra3 Bc8 21. Nc3 b5 22. Rb3 Bb7 23. a4 bxa4 24. Nxa4 Qa5 25. Ba7+ Ka8 26. Nb6+ Kxa7 27. Nc8+ 1-0

[Event "BUL-chT2 64th"]
[Site "Sunny Beach"]
[Date "2015.06.01"]
[Round "2.1"]
[White "Petrov, Marian"]
[Black "Vutov, M Mario"]
[Result "1/2-1/2"]
[WhiteElo "2494"]
[BlackElo "2349"]
[PlyCount "64"]
[EventDate "2015.05.31"]
[EventType "team-swiss"]
[EventRounds "7"]
[EventCountry "BUL"]
[SourceTitle "CBM 166 Extra"]
[Source "ChessBase"]
[SourceDate "2015.06.18"]
[SourceVersion "1"]
[SourceVersionDate "2015.06.18"]
[SourceQuality "1"]
[WhiteTeam "Burgas 64"]
[BlackTeam "Blagoevgrad Victory"]
[WhiteTeamCountry "BUL"]
[BlackTeamCountry "BUL"]

1. e4 c5 2. Nf3 d6 3. d4 Nf6 4. Nc3 cxd4 5. Nxd4 Nc6 6. f4 g6 7. Be2 Bg7 8. Be3 0-0 9. 0-0 Qb6 10. Qd3 Ng4 11. Bxg4 Bxd4 12. Bxd4 Qxd4+ 13. Qxd4 Nxd4 14. Bd1 Rd8 15. Nd5 e6 16. Ne3 b6 17. c3 Nc6 18. Bb3 Na5 19. Rfd1 Bb7 20. Rd4 e5 21. fxe5 dxe5 22. Rxd8+ Rxd8 23. Bd5 Bxd5 24. Nxd5 f5 25. b3 Kf7 26. c4 Nc6 27. Re1 Rd7 28. Kf2 Ne7 29. Nxe7 Rxe7 30. Rd1 Ke6 31. Ke3 Rd7 32. Rxd7 Kxd7 1/2-1/2

[Event "BUL-ch sf 79th"]
[Site "Plovdiv"]
[Date "2015.01.25"]
[Round "1"]
[White "Vutov, M Mario"]
[Black "Derkalestanian, Nashan"]
[Result "1-0"]
[WhiteElo "2340"]
[BlackElo "2034"]
[PlyCount "57"]
[EventDate "2015.01.25"]
[EventType "swiss"]
[EventRounds "9"]
[EventCountry "BUL"]
[SourceTitle "EXT 2016"]
[Source "ChessBase"]
[SourceDate "2015.10.08"]
[SourceVersion "1"]
[SourceVersionDate "2015.10.08"]
[SourceQuality "1"]

1. e4 d5 2. exd5 Qxd5 3. Nc3 Qd6 4. d4 Nf6 5. Nf3 a6 6. Ne5 c5 7. Nc4 Qd8 8. dxc5 Qxd1+ 9. Nxd1 Nc6 10. c3 e5 11. Nb6 Rb8 12. b4 Be7 13. Bc4 Bd8 14. Ne3 Bxb6 15. cxb6 0-0 16. a4 Be6 17. Bxe6 fxe6 18. Ba3 Rf7 19. b5 Ne7 20. c4 Nf5 21. Nxf5 exf5 22. bxa6 bxa6 23. c5 Nd5 24. 0-0 Nf4 25. Rfd1 e4 26. c6 Ne6 27. c7 Re8 28. Rac1 Nf4 29. c8Q 1-0

[Event "BUL-ch sf 78th"]
[Site "Plovdiv"]
[Date "2014.02.14"]
[Round "6"]
[White "Kozhuharov, Spas"]
[Black "Vutov, M Mario"]
[Result "1/2-1/2"]
[WhiteElo "2463"]
[BlackElo "2322"]
[PlyCount "169"]
[EventDate "2014.02.10"]
[EventType "swiss"]
[EventRounds "9"]
[EventCountry "BUL"]
[SourceTitle "CBM 158 Extra"]
[Source "ChessBase"]
[SourceDate "2014.02.28"]
[SourceVersion "1"]
[SourceVersionDate "2014.02.28"]
[SourceQuality "1"]

1. d4 Nf6 2. c4 g6 3. Nc3 Bg7 4. e4 d6 5. Nf3 0-0 6. Be2 e5 7. 0-0 Nc6 8. d5 Ne7 9. b4 Nh5 10. Re1 h6 11. Nd2 Nf4 12. Bf1 f5 13. g3 Nh5 14. exf5 Nxf5 15. Bg2 Nd4 16. Nb3 Bf5 17. Ne4 Nxb3 18. axb3 Nf6 19. b5 Nxe4 20. Bxe4 Qf6 21. Qc2 a5 22. bxa6 bxa6 23. Be3 Bxe4 24. Qxe4 Qf5 25. Qxf5 gxf5 26. Ra3 h5 27. Bd2 e4 28. f3 Bd4+ 29. Kg2 Rfe8 30. fxe4 fxe4 31. b4 Kf7 32. h3 Kg6 33. g4 hxg4 34. hxg4 Ra7 35. Rh3 Raa8 36. Rh6+ Kg7 37. Reh1 Rh8 38. Rxh8 Rxh8 39. Rxh8 Kxh8 40. Kg3 Be5+ 41. Kh4 Bd4 42. Kg5 e3 43. Be1 Bb2 44. Kf4 Bc1 45. Kf3 Kg7 46. b5 axb5 47. cxb5 Bd2 48. Bh4 Kg6 49. Bd8 Ba5 50. Kxe3 Bb6+ 51. Ke4 Ba5 52. Kd4 Bb6+ 53. Kc4 Kf7 54. Kd3 Kg6 55. Ke4 Ba5 56. Kf3 Bb6 57. Bh4 Ba5 58. Bf2 Kf6 59. Bd4+ Kg6 60. Be3 Kf6 61. Ke4 Kg6 62. Kd3 Kf6 63. b6 Bxb6 64. Bf4 Bf2 65. Kc4 Ke7 66. Kb5 Kd7 67. g5 Bd4 68. g6 Bg7 69. Bg5 Bc3 70. Bh6 Ke7 71. Kc6 Kf6 72. g7 Kf7 73. Kxc7 Be5 74. Kd7 Bg3 75. Kc6 Be5 76. Kc7 Bg3 77. Kd7 Be5 78. g8Q+ Kxg8 79. Ke6 Bg3 80. Bg5 Kf8 81. Be7+ Ke8 82. Bxd6 Bh4 83. Be5 Be7 84. Bf4 Bf8 85. d6 1/2-1/2

[Event "BUL-ch sf 78th"]
[Site "Plovdiv"]
[Date "2014.02.12"]
[Round "3"]
[White "Vutov, M Mario"]
[Black "Marholev, Dimitar"]
[Result "1/2-1/2"]
[WhiteElo "2322"]
[BlackElo "2315"]
[PlyCount "60"]
[EventDate "2014.02.10"]
[EventType "swiss"]
[EventRounds "9"]
[EventCountry "BUL"]
[SourceTitle "CBM 158 Extra"]
[Source "ChessBase"]
[SourceDate "2014.02.28"]
[SourceVersion "1"]
[SourceVersionDate "2014.02.28"]
[SourceQuality "1"]

1. e4 e5 2. Nf3 Nc6 3. Bb5 a6 4. Ba4 Nf6 5. 0-0 Be7 6. Re1 b5 7. Bb3 d6 8. c3 0-0 9. h3 Na5 10. Bc2 c5 11. d4 Qc7 12. Nbd2 cxd4 13. cxd4 Bb7 14. d5 Bc8 15. b3 Bd7 16. Rb1 Rfc8 17. Bd3 Nb7 18. b4 g6 19. Nf1 Nh5 20. Be3 Nd8 21. g4 Ng7 22. Ng3 f6 23. Qe2 Qb7 24. Nd2 Nf7 25. Nb3 Bd8 26. Na5 Qb8 27. Rec1 Rxc1+ 28. Rxc1 Bb6 29. Nc6 Qb7 30. Na5 Qb8 1/2-1/2

[Event "BUL-ch sf 78th"]
[Site "Plovdiv"]
[Date "2014.02.11"]
[Round "2"]
[White "Danov, Lyubomir"]
[Black "Vutov, M Mario"]
[Result "1/2-1/2"]
[WhiteElo "2226"]
[BlackElo "2322"]
[PlyCount "74"]
[EventDate "2014.02.10"]
[EventType "swiss"]
[EventRounds "9"]
[EventCountry "BUL"]
[SourceTitle "CBM 158 Extra"]
[Source "ChessBase"]
[SourceDate "2014.02.28"]
[SourceVersion "1"]
[SourceVersionDate "2014.02.28"]
[SourceQuality "1"]

1. d4 Nf6 2. Nf3 g6 3. c4 Bg7 4. Nc3 d6 5. e4 0-0 6. h3 Na6 7. Be3 c5 8. d5 Nc7 9. Be2 Rb8 10. 0-0 e6 11. dxe6 Nxe6 12. Qc2 a6 13. Rfd1 Qe7 14. Rd2 Nd7 15. Nd5 Qd8 16. Nf4 Ne5 17. Nxe6 Nxf3+ 18. Bxf3 Bxe6 19. Rad1 Qa5 20. b3 Rfd8 21. Be2 b5 22. f4 bxc4 23. Bxc4 Bxc4 24. Qxc4 Rb4 25. Qc2 Re8 26. e5 dxe5 27. Qxc5 Qxc5 28. Bxc5 Rbb8 29. Bd6 Rbd8 30. fxe5 Bxe5 31. Bxe5 Rxd2 32. Rxd2 Rxe5 33. Rd8+ Kg7 34. Rd6 a5 35. a4 Re2 36. Rd5 Rb2 37. Rxa5 Rxb3 1/2-1/2

[Event "BUL-chT GpB 63rd"]
[Site "Sunny Beach"]
[Date "2013.09.22"]
[Round "5.3"]
[White "Vutov, M Mario"]
[Black "Delchev, Petar"]
[Result "1/2-1/2"]
[WhiteElo "2324"]
[BlackElo "2263"]
[PlyCount "61"]
[EventDate "2013.09.19"]
[EventType "team-tourn"]
[EventRounds "9"]
[EventCountry "BUL"]
[SourceTitle "CBM 156 Extra"]
[Source "ChessBase"]
[SourceDate "2013.10.22"]
[SourceVersion "1"]
[SourceVersionDate "2013.10.22"]
[SourceQuality "1"]
[WhiteTeam "Blagoevgrad Victory"]
[BlackTeam "Silistra"]
[WhiteTeamCountry "BUL"]
[BlackTeamCountry "BUL"]

1. e4 d6 2. d4 Nf6 3. Nc3 e5 4. Nf3 Nbd7 5. Bc4 Be7 6. 0-0 0-0 7. a4 c6 8. Re1 h6 9. h3 Nh7 10. dxe5 dxe5 11. Be3 a5 12. Qe2 Ng5 13. Nxg5 Bxg5 14. Rad1 Bxe3 15. Qxe3 Qg5 16. Qxg5 hxg5 17. Rd6 Nc5 18. Red1 Be6 19. Bxe6 Nxe6 20. Ne2 Nc5 21. Nc3 Rfe8 22. f3 f6 23. Kf2 Kf7 24. b3 Re6 25. R6d2 Ree8 26. Nb1 Rab8 27. Na3 b5 28. axb5 cxb5 29. Rd5 Rec8 30. R1d2 Kg6 31. Ke2 1/2-1/2

[Event "BUL-chT GpB 63rd"]
[Site "Sunny Beach"]
[Date "2013.09.21"]
[Round "4.3"]
[White "Mladenov, Emil"]
[Black "Vutov, M Mario"]
[Result "1/2-1/2"]
[WhiteElo "2077"]
[BlackElo "2324"]
[PlyCount "62"]
[EventDate "2013.09.19"]
[EventType "team-tourn"]
[EventRounds "9"]
[EventCountry "BUL"]
[SourceTitle "CBM 156 Extra"]
[Source "ChessBase"]
[SourceDate "2013.10.22"]
[SourceVersion "1"]
[SourceVersionDate "2013.10.22"]
[SourceQuality "1"]
[WhiteTeam "Slivnitsa Geroy"]
[BlackTeam "Blagoevgrad Victory"]
[WhiteTeamCountry "BUL"]
[BlackTeamCountry "BUL"]

1. e4 c5 2. g3 d5 3. exd5 Qxd5 4. Nf3 Nc6 5. Bg2 Qe6+ 6. Qe2 Qxe2+ 7. Kxe2 Bg4 8. Ke1 e5 9. h3 Bh5 10. g4 Bg6 11. Na3 0-0-0 12. Nh4 Nd4 13. Kd1 Ne7 14. Nxg6 Nxg6 15. Nc4 b5 16. Ne3 Nf4 17. Be4 g6 18. b3 Be7 19. c3 Nde6 20. h4 Nd3 21. Rh2 Nef4 22. c4 bxc4 23. bxc4 Rd4 24. f3 f6 25. Rb1 h5 26. Nd5 Bd8 27. Nxf4 Nxf4 28. g5 Rxc4 29. d3 Rb4 30. Rxb4 cxb4 31. gxf6 Bxf6 1/2-1/2

[Event "Albena Masters op"]
[Site "Albena"]
[Date "2013.06.05"]
[Round "5"]
[White "Vutov, M Mario"]
[Black "Mladenov, Emil"]
[Result "1/2-1/2"]
[WhiteElo "2348"]
[BlackElo "2119"]
[PlyCount "121"]
[EventDate "2013.06.01"]
[EventType "swiss"]
[EventRounds "9"]
[EventCountry "BUL"]
[SourceTitle "CBM 154 Extra"]
[Source "ChessBase"]
[SourceDate "2013.06.25"]
[SourceVersion "2"]
[SourceVersionDate "2013.06.25"]
[SourceQuality "1"]

1. d4 d6 2. e4 g6 3. Nc3 Bg7 4. Be3 e5 5. dxe5 dxe5 6. Qxd8+ Kxd8 7. 0-0-0+ Nd7 8. Bc4 f6 9. h4 c6 10. h5 g5 11. Bc5 Nh6 12. Nge2 Bf8 13. Bd6 Bxd6 14. Rxd6 Kc7 15. Rhd1 Rf8 16. f3 Nb6 17. Bb3 Bd7 18. Na4 Rad8 19. c4 Nc8 20. R6d2 b6 21. c5 f5 22. exf5 Nxf5 23. Re1 Rde8 24. Nac3 h6 25. Ne4 Re7 26. N4g3 Nxg3 27. Nxg3 g4 28. Bd1 Rf4 29. Ne4 gxf3 30. gxf3 Bf5 31. Nd6 bxc5 32. Nxf5 Rxf5 33. Rh2 Nb6 34. Rh4 Nd5 35. a3 Kd6 36. Rg1 Nf4 37. Rh2 c4 38. Kd2 Rxh5 39. Rxh5 Nxh5 40. Rh1 Nf4 41. Rxh6+ Kc5 42. Bc2 Rg7 43. Rh2 Kd4 44. Be4 c5 45. Kc2 Rg2+ 46. Rxg2 Nxg2 47. Kd2 Nf4 48. Bb7 Nd3 49. Kc2 a5 50. Bc6 Nf2 51. Kd2 Nh3 52. Kc2 Nf4 53. Kd2 Nd5 54. Kc2 e4 55. fxe4 Kxe4 56. a4 c3 57. bxc3 Ke5 58. Kd3 Nb6 59. Be8 c4+ 60. Ke3 Nd5+ 61. Kd2 1/2-1/2

[Event "Albena Masters op"]
[Site "Albena"]
[Date "2013.06.02"]
[Round "2"]
[White "Ashwin, Jayaram"]
[Black "Vutov, M Mario"]
[Result "1-0"]
[WhiteElo "2472"]
[BlackElo "2348"]
[PlyCount "61"]
[EventDate "2013.06.01"]
[EventType "swiss"]
[EventRounds "9"]
[EventCountry "BUL"]
[SourceTitle "CBM 154 Extra"]
[Source "ChessBase"]
[SourceDate "2013.06.25"]
[SourceVersion "2"]
[SourceVersionDate "2013.06.25"]
[SourceQuality "1"]

1. e4 c5 2. Nf3 d6 3. d4 Nf6 4. Nc3 cxd4 5. Nxd4 a6 6. Be3 e5 7. Nb3 Be6 8. Qd2 Nbd7 9. 0-0-0 Rc8 10. f4 Be7 11. f5 Bc4 12. Bxc4 Rxc4 13. Qd3 b5 14. g4 h6 15. Rhg1 Qa8 16. Nd2 Nc5 17. Bxc5 Rxc5 18. a3 Qc8 19. Rg3 Nd7 20. Nb3 Rc4 21. Nd5 Bd8 22. Kb1 0-0 23. g5 hxg5 24. h4 f6 25. hxg5 fxg5 26. Rh1 Nc5 27. Nxc5 Qxc5 28. Qe2 Rxf5 29. Rb3 Kf7 30. Rh8 Bf6 31. exf5 1-0

[Event "BUL-ch 77th"]
[Site "Bankia"]
[Date "2013.04.22"]
[Round "8"]
[White "Vutov, M Mario"]
[Black "Arnaudov, Petar G"]
[Result "0-1"]
[WhiteElo "2362"]
[BlackElo "2489"]
[PlyCount "70"]
[EventDate "2013.04.16"]
[EventType "tourn"]
[EventRounds "11"]
[EventCountry "BUL"]
[EventCategory "10"]
[SourceTitle "CBM 154 Extra"]
[Source "ChessBase"]
[SourceDate "2013.06.25"]
[SourceVersion "2"]
[SourceVersionDate "2013.06.25"]
[SourceQuality "1"]

1. e4 e5 2. Nf3 Nc6 3. Bb5 a6 4. Ba4 Nf6 5. 0-0 Be7 6. Re1 b5 7. Bb3 d6 8. c3 0-0 9. h3 Nb8 10. d4 Nbd7 11. a4 Bb7 12. Bc2 c5 13. Nbd2 cxd4 14. cxd4 Qc7 15. Bd3 bxa4 16. Qxa4 exd4 17. Qxd4 Nc5 18. Bb1 Nfd7 19. Ra3 Rac8 20. b4 Ne6 21. Qe3 Ne5 22. Bb2 Bf6 23. Nd4 Bg5 24. Qe2 Bxd2 25. Qxd2 Nc4 26. Qc3 Nxa3 27. Qxa3 Nxd4 28. Bxd4 f6 29. Qd3 Qc6 30. Ba2+ Kh8 31. Bd5 Qd7 32. Bc4 Qa4 33. Be6 Rce8 34. Ra1 Qxb4 35. Rb1 Bxe4 0-1

[Event "BUL-ch 77th"]
[Site "Bankia"]
[Date "2013.04.18"]
[Round "3"]
[White "Ninov, Nikolai"]
[Black "Vutov, M Mario"]
[Result "1-0"]
[WhiteElo "2504"]
[BlackElo "2362"]
[PlyCount "111"]
[EventDate "2013.04.16"]
[EventType "tourn"]
[EventRounds "11"]
[EventCountry "BUL"]
[EventCategory "10"]
[SourceTitle "CBM 154 Extra"]
[Source "ChessBase"]
[SourceDate "2013.06.25"]
[SourceVersion "2"]
[SourceVersionDate "2013.06.25"]
[SourceQuality "1"]

1. e4 c5 2. Nf3 d6 3. d4 cxd4 4. Nxd4 Nf6 5. Nc3 a6 6. g3 e5 7. Nb3 Be7 8. Bg2 Nbd7 9. a4 h5 10. h4 b6 11. Nd2 Qc7 12. Nf1 Bb7 13. Ne3 g6 14. Ned5 Bxd5 15. Nxd5 Nxd5 16. Qxd5 0-0 17. c3 Rab8 18. 0-0 Rfd8 19. Rd1 Nf6 20. Qd3 b5 21. axb5 axb5 22. Bg5 Ng4 23. Bxe7 Qxe7 24. Ra6 Qc7 25. Rxd6 Rxd6 26. Qxd6 Qa7 27. Qd2 Kg7 28. Qe2 b4 29. c4 Ra8 30. Bf3 Nf6 31. Kg2 Qc5 32. Qd3 Ra2 33. Rb1 Ra7 34. Qc2 Rd7 35. Ra1 Rd4 36. b3 Nd7 37. Qe2 Qd6 38. Ra5 Nc5 39. Qe3 Ne6 40. Be2 Nc5 41. Bxh5 Nxb3 42. Qxb3 gxh5 43. Rb5 Rxe4 44. Rxb4 Qc5 45. Qf3 Rg4 46. Rb5 Qxc4 47. Rxe5 Qc2 48. Rxh5 Rg6 49. Rf5 Qc7 50. h5 Re6 51. Rg5+ Kf8 52. Rg6 Re1 53. Rc6 Qd7 54. h6 Kg8 55. Rf6 Re5 56. h7+ 1-0

[Event "BUL-ch 77th"]
[Site "Bankia"]
[Date "2013.04.17"]
[Round "2"]
[White "Vutov, M Mario"]
[Black "Petkov, Vladimir"]
[Result "0-1"]
[WhiteElo "2362"]
[BlackElo "2566"]
[PlyCount "94"]
[EventDate "2013.04.16"]
[EventType "tourn"]
[EventRounds "11"]
[EventCountry "BUL"]
[EventCategory "10"]
[SourceTitle "CBM 154 Extra"]
[Source "ChessBase"]
[SourceDate "2013.06.25"]
[SourceVersion "2"]
[SourceVersionDate "2013.06.25"]
[SourceQuality "1"]

1. e4 c5 2. Nf3 d6 3. d4 cxd4 4. Nxd4 Nf6 5. Nc3 a6 6. a4 g6 7. Be2 Bg7 8. 0-0 0-0 9. Bg5 Nc6 10. Nb3 b6 11. Re1 Bb7 12. Bf1 Re8 13. Qd2 Rc8 14. Nd5 Nxd5 15. exd5 Ne5 16. Re4 Qc7 17. c4 e6 18. f4 exd5 19. cxd5 Ng4 20. Rae1 Rxe4 21. Rxe4 b5 22. a5 Nf6 23. Bxf6 Bxf6 24. f5 Kg7 25. fxg6 hxg6 26. Nd4 Qc5 27. b4 Qxd5 28. Rg4 Re8 29. h3 Bc8 30. Rf4 Qe5 31. Qf2 Bb7 32. Kh1 Re7 33. Rg4 Be4 34. Ne2 Bf5 35. Rf4 Bg5 36. Rf3 Be4 37. Rc3 Bd2 38. Rc8 Bxb4 39. Qh4 Re8 40. Rxe8 Qxe8 41. Ng3 d5 42. Qg5 Bc3 43. Nh5+ Kh7 44. Nf6+ Bxf6 45. Qxf6 Qe6 46. Qc3 Qd6 47. Qd4 Qa3 0-1

[Event "BUL-ch sf 77th"]
[Site "Plovdiv"]
[Date "2013.02.15"]
[Round "7"]
[White "Vutov, M Mario"]
[Black "Arnaudov, Petar G"]
[Result "1/2-1/2"]
[WhiteElo "2347"]
[BlackElo "2471"]
[PlyCount "60"]
[EventDate "2013.02.11"]
[EventType "swiss (rapid)"]
[EventRounds "9"]
[EventCountry "RUS"]
[SourceTitle "CBM 152 Extra"]
[Source "ChessBase"]
[SourceDate "2013.02.25"]
[SourceVersion "1"]
[SourceVersionDate "2013.02.25"]
[SourceQuality "1"]

1. e4 e5 2. Nf3 Nc6 3. Bb5 a6 4. Ba4 Nf6 5. 0-0 Be7 6. Re1 b5 7. Bb3 d6 8. c3 0-0 9. h3 Na5 10. Bc2 d5 11. d4 dxe4 12. Nxe5 c5 13. Bg5 Bb7 14. Bxf6 Bxf6 15. Bxe4 Bxe4 16. Rxe4 cxd4 17. cxd4 Bxe5 18. Rxe5 Nc6 19. Re4 f5 20. Re1 Qxd4 21. Nc3 Qxd1 22. Raxd1 Rfd8 23. Rxd8+ Rxd8 24. Rd1 Rxd1+ 25. Nxd1 Kf7 26. Kf1 Ke6 27. Ke2 g5 28. Ne3 f4 29. Nc2 Kd5 30. Kd3 h6 1/2-1/2

[Event "BUL-ch sf 77th"]
[Site "Plovdiv"]
[Date "2013.02.13"]
[Round "4"]
[White "Reshetnikov, Alexey"]
[Black "Vutov, M Mario"]
[Result "0-1"]
[WhiteElo "2438"]
[BlackElo "2347"]
[PlyCount "70"]
[EventDate "2013.02.11"]
[EventType "swiss (rapid)"]
[EventRounds "9"]
[EventCountry "RUS"]
[SourceTitle "CBM 152 Extra"]
[Source "ChessBase"]
[SourceDate "2013.02.25"]
[SourceVersion "1"]
[SourceVersionDate "2013.02.25"]
[SourceQuality "1"]

1. c4 Nf6 2. g3 g6 3. Bg2 Bg7 4. Nc3 0-0 5. d3 c5 6. h4 Nc6 7. Nh3 a6 8. Nf4 h5 9. Nfd5 d6 10. Nxf6+ Bxf6 11. Bh6 Bg7 12. Qd2 Rb8 13. Bxg7 Kxg7 14. Nd5 e6 15. Nc3 e5 16. a3 Nd4 17. Rb1 b5 18. b4 bxc4 19. dxc4 Be6 20. e3 Bxc4 21. exd4 exd4 22. Kd1 d5 23. Ne2 Qd7 24. Nxd4 cxd4 25. Qxd4+ Kg8 26. Kd2 Qa4 27. g4 Qxa3 28. gxh5 Rxb4 29. h6 f6 30. Bxd5+ Bxd5 31. Qxd5+ Kh8 32. Rhc1 Rb2+ 33. Rxb2 Qxb2+ 34. Rc2 Qb4+ 35. Ke3 Qxh4 0-1

[Event "BUL-chT-A 62nd"]
[Site "Sunny Beach"]
[Date "2012.09.21"]
[Round "3.4"]
[White "Kozhuharov, Spas"]
[Black "Vutov, M Mario"]
[Result "0-1"]
[WhiteElo "2446"]
[BlackElo "2324"]
[PlyCount "90"]
[EventDate "2012.09.19"]
[EventType "team-tourn"]
[EventRounds "7"]
[EventCountry "BUL"]
[SourceTitle "CBM 150 Extra"]
[Source "ChessBase"]
[SourceDate "2012.10.19"]
[SourceVersion "1"]
[SourceVersionDate "2012.10.19"]
[SourceQuality "1"]
[WhiteTeam "Plovdiv Lokomotiv 2000"]
[BlackTeam "Blagoevgrad Victory"]
[WhiteTeamCountry "BUL"]
[BlackTeamCountry "BUL"]

1. d4 Nf6 2. c4 g6 3. Nc3 Bg7 4. e4 d6 5. f3 0-0 6. Bg5 c5 7. d5 a6 8. a4 Qa5 9. Be2 Re8 10. Ra3 e6 11. Qd2 Nbd7 12. Nh3 Ne5 13. Nf2 Qb4 14. Qc2 Nxc4 15. Rb3 Qa5 16. Bxf6 Ne3 17. Qc1 Bh6 18. Qb1 Nxg2+ 19. Kf1 Ne3+ 20. Kg1 exd5 21. exd5 c4 22. Ra3 Bf5 23. Nce4 Qxd5 24. Qc1 Bxe4 25. Rxe3 Qc5 26. Ng4 Bxe3+ 27. Qxe3 Bd3 28. Qxc5 dxc5 29. Bd1 h5 30. Nf2 Re6 31. Bc3 b5 32. Nxd3 cxd3 33. Kf2 b4 34. Bd2 Rae8 35. f4 c4 36. Bf3 a5 37. f5 Rf6 38. fxg6 fxg6 39. Kg3 Rc8 40. Rc1 Kh7 41. Bd5 c3 42. bxc3 bxc3 43. Bxc3 Rd6 44. Bf3 Rc4 45. h4 Rd7 0-1